Loading...
Ends and means /
| Main Author: | |
|---|---|
| Format: | Printed Book |
| Language: | English |
| Published: |
Chatto & ndus,
1937.
|
| Subjects: |
| LEADER | 00453nam a2200133Ia 4500 | ||
|---|---|---|---|
| 008 | 150623b xxu||||| |||| 00| e eng d | ||
| 082 | |a 824.8H2 | ||
| 100 | |a Huxley, Aldous | ||
| 245 | |a Ends and means / |c Aldous Huxley | ||
| 260 | |b Chatto & ndus, |c 1937. | ||
| 650 | |v Essays | ||
| 942 | |c BK | ||
| 999 | |c 4130 |d 4130 | ||
| 952 | |0 0 |1 0 |4 0 |6 824_000000000000000_8H2_END |7 0 |9 4129 |a UL |b UL |c ST2 |d 1998-09-24 |l 3 |o 824.8H2 END |p 7852 |r 2018-11-07 |s 2018-05-10 |v 8.87 |w 2012-10-27 |y BK |k BP .12 | ||